Fisiología respiratoria / (Registro nro. 295)

Detalles MARC
000 -LEADER
fixed length control field 01584 am a2200469 a 4500
005 - FECHA ULTIMA MODIFICACION
control field 20240517110519.0
008 - CAMPO DE CONTROL (LIBRO)
fixed length control field 100506s1997||||ag a f |||| 001 0 spa d
020 ## - INTERNATIONAL STANDARD BOOK NUMBER
ISBN 9504370381
041 ## - CODIGO DE IDIOMA
Código de idioma del texto/pista de sonido o título separado spa
092 ## - SIGNATURA TOPOGRAFICA DEWEY LOCAL
número de clasificación 612.2
libristica 25
sección FIS
245 ## - TITULO PROPIAMENTE DICHO
Título Fisiología respiratoria /
Mención de responsabilidad y remanente de la transcripción de la portada Ignacio J. de la Riva.
250 ## - MENCION DE EDICION
Mención de edición 2a ed.
260 ## - PIE DE IMPRENTA
Lugar de publicación, distribución, etc Buenos Aires:
Nombre de la editorial, distribuidor, etc S/N;
Fecha de publicación 1997.
300 ## - DESCRIPCION FISICA
Extension 177 p.
500 ## - NOTA GENERAL
Nota general De la Riva, I. J. et al. (1997). Fisiología respiratoria. (2a ed.). Buenos Aires : S/N.
590 ## - NOTAS LOCALES (RLIN)
Nota local Donación Cecilia Fontana, 2007
653 ## - TÉRMINO INDIZADO - PALABRAS CLAVES
Palabra clave Fisiología respiratoria
653 ## - TÉRMINO INDIZADO - PALABRAS CLAVES
Palabra clave Relación entre estructura y función del aparato respiratorio
653 ## - TÉRMINO INDIZADO - PALABRAS CLAVES
Palabra clave Oxígeno
653 ## - TÉRMINO INDIZADO - PALABRAS CLAVES
Palabra clave Ventilación pulmonar y alveolar
653 ## - TÉRMINO INDIZADO - PALABRAS CLAVES
Palabra clave Relación toraco-pulmonar estática
653 ## - TÉRMINO INDIZADO - PALABRAS CLAVES
Palabra clave Relación toraco-pulmonar dinámica
653 ## - TÉRMINO INDIZADO - PALABRAS CLAVES
Palabra clave Evaluación funacional de las vías aéreas
653 ## - TÉRMINO INDIZADO - PALABRAS CLAVES
Palabra clave Difusión de las membranas
653 ## - TÉRMINO INDIZADO - PALABRAS CLAVES
Palabra clave Transporte de gases por la sangre
653 ## - TÉRMINO INDIZADO - PALABRAS CLAVES
Palabra clave Circulación pulmonar
653 ## - TÉRMINO INDIZADO - PALABRAS CLAVES
Palabra clave Relación ventilación/perfusión
653 ## - TÉRMINO INDIZADO - PALABRAS CLAVES
Palabra clave Control de la respiración
653 ## - TÉRMINO INDIZADO - PALABRAS CLAVES
Palabra clave Integración fisiología en la altura
653 ## - TÉRMINO INDIZADO - PALABRAS CLAVES
Palabra clave Fisiología de la hiperbaria, buceo
653 ## - TÉRMINO INDIZADO - PALABRAS CLAVES
Palabra clave Relación del tono bronquial
700 1# - ENTRADAS SECUNDARIAS - NOMBRE PERSONAL
Nombre personal González B. de Quiros, Fernan.
9 (RLIN) 221
700 1# - ENTRADAS SECUNDARIAS - NOMBRE PERSONAL
Nombre personal De la Riva, Ignacio J.
9 (RLIN) 1223
700 1# - ENTRADAS SECUNDARIAS - NOMBRE PERSONAL
Nombre personal Reyes Toso, Carlos F.
9 (RLIN) 222
700 1# - ENTRADAS SECUNDARIAS - NOMBRE PERSONAL
Nombre personal Planells, Fernando M.
9 (RLIN) 223
700 1# - ENTRADAS SECUNDARIAS - NOMBRE PERSONAL
Nombre personal Vega, Gustavo W.
9 (RLIN) 224
930 ## - NUMERO DE INVENTARIO
Número de inventario 1811
930 ## - NUMERO DE INVENTARIO
Número de inventario 1697
930 ## - NUMERO DE INVENTARIO
Número de inventario 244
930 ## - NUMERO DE INVENTARIO
Número de inventario 670
942 ## - ADDED ENTRY ELEMENTS (KOHA)
Source of classification or shelving scheme Dewey Decimal Classification
Item type Libros
Existencias
Estado de retiro Existencia Estado general No para prestamo Ubicación permanente ubicación actual Sala de ubicación Fecha de adquisición Total Checkouts Número de clasificación Código de barras Date last seen Date last borrowed Número de ejemplar Price effective from Koha tipo de elemento (item) Fuente de clasificación Total Renewals Checked out Public note Colección
        Biblioteca Medicina Biblioteca Medicina Circulación 13/05/2011 2 612.2 25 FIS 1811 06/11/2014 09/10/2012 ej.4 13/05/2011 Libros          
        Biblioteca Medicina Biblioteca Medicina Circulación 13/05/2011 1 612.2 25 FIS 1697 06/11/2014 10/10/2012 ej.2 13/05/2011 Libros          
        Biblioteca Medicina Biblioteca Medicina Referencia 13/05/2011 1 612.2 25 FIS 244 06/11/2014 16/09/2011 ej.3 07/09/2011 Libros Dewey Decimal Classification 11 01/03/2029 LIBRO DE CATEDRA  
        Biblioteca Medicina Biblioteca Medicina Referencia 13/05/2011   612.2 25 FIS 670 20/03/2017   ej.1 13/05/2011 Reference Dewey Decimal Classification     LIBRO DE CONSULTA Reference

UNIVERSIDAD NACIONAL DEL COMAHUE
Biblioteca de la Facultad de Ciencias Médicas
Sede Toschi: Los Arrayanes y Av. Toschi, Cipolletti  - Rio Negro
Sede Los Tordos:  Yrigoyen al 2211, Cipolletti - Rio Negro 

Teléfono: 0299 - 4774707 int 25
Contacto: biblioteca@facimed.uncoma.edu.ar
© 2011 - 2026